[Event "Novosibirsk CC-ch"]
[Site "Novosibirsk"]
[Date "2007.01.26"]
[Round "10"]
[White "Koshelev, Vladimir"]
[Black "Yakovenko, Alexander"]
[Result "1-0"]
[WhiteElo "2059"]
[BlackElo "1898"]
[PlyCount "137"]
[EventDate "2007.01.14"]
[EventType "swiss"]
[EventRounds "11"]
[EventCountry "RUS"]
[SourceTitle "EXT 2010"]
[Source "ChessBase"]
[SourceDate "2010.11.25"]
[SourceVersion "1"]
[SourceVersionDate "2010.11.25"]
[SourceQuality "1"]

1. e4 c5 2. c4 Nc6 3. Nc3 Nf6 4. Nf3 e6 5. d4 cxd4 6. Nxd4 Bb4 7. Nxc6 bxc6 8. Bd3 e5 9. 0-0 0-0 10. Qc2 Be7 11. Rd1 d6 12. Be2 Qc7 13. Be3 Ng4 14. Bxg4 Bxg4 15. f3 Be6 16. b3 f5 17. Qe2 f4 18. Bf2 g5 19. Rac1 Rac8 20. Qb2 Qb7 21. c5 d5 22. Nxd5 cxd5 23. Qxe5 Qd7 24. exd5 Bf5 25. c6 Qd6 26. Qxd6 Bxd6 27. Bxa7 Ba3 28. Rc4 Rfd8 29. b4 Bxb4 30. Rxb4 Rxc6 31. Rb8 Rxb8 32. Bxb8 Rc8 33. Bd6 Kf7 34. Bb4 Bd7 35. a3 Kf6 36. h3 h5 37. Re1 Re8 38. Bc3+ Kf5 39. Rc1 Rc8 40. Bb2 Rxc1+ 41. Bxc1 Ke5 42. Bb2+ Kxd5 43. Bf6 g4 44. fxg4 hxg4 45. h4 Ke6 46. Bd8 f3 47. g3 Be8 48. Kf2 Kf5 49. Ke3 Ke5 50. Bb6 Bb5 51. Bd4+ Kd5 52. Bc3 Ke6 53. Be1 Ke5 54. Bf2 Be8 55. Kd3 Kd5 56. Be3 Bb5+ 57. Kc3 Ke4 58. Bf2 Be8 59. Bb6 Bd7 60. h5 Kf5 61. h6 Kg6 62. Be3 f2 63. Bxf2 Kxh6 64. Kb4 Kg6 65. a4 Kf5 66. a5 Ke4 67. Kc5 Bc8 68. Kb6 Ke5 69. a6 1-0

[Event "Novosibirsk CC-ch"]
[Site "Novosibirsk"]
[Date "2007.01.24"]
[Round "8"]
[White "Yakovenko, Alexander"]
[Black "Chesnokov, Gennady"]
[Result "1-0"]
[WhiteElo "1898"]
[BlackElo "2046"]
[PlyCount "49"]
[EventDate "2007.01.14"]
[EventType "swiss"]
[EventRounds "11"]
[EventCountry "RUS"]
[SourceTitle "EXT 2010"]
[Source "ChessBase"]
[SourceDate "2010.11.25"]
[SourceVersion "1"]
[SourceVersionDate "2010.11.25"]
[SourceQuality "1"]

1. c4 c5 2. Nc3 Nf6 3. g3 Nc6 4. Bg2 g6 5. e4 d6 6. Nge2 Bg7 7. 0-0 0-0 8. Rb1 e5 9. a3 a5 10. d3 Bd7 11. f4 Qc8 12. fxe5 dxe5 13. Bg5 Ne8 14. Nd5 f6 15. Be3 Ra6 16. Bxc5 Rf7 17. b4 axb4 18. axb4 Ra2 19. Nb6 Qd8 20. Nc3 Ra3 21. Qc1 Ra6 22. Nxd7 Rxd7 23. b5 Ra5 24. bxc6 Rxd3 25. Bb6 1-0

[Event "Novosibirsk CC-ch"]
[Site "Novosibirsk"]
[Date "2007.01.14"]
[Round "1"]
[White "Novichkov, Vladimir"]
[Black "Yakovenko, Alexander"]
[Result "1-0"]
[WhiteElo "2128"]
[BlackElo "1898"]
[PlyCount "111"]
[EventDate "2007.01.14"]
[EventType "swiss"]
[EventRounds "11"]
[EventCountry "RUS"]
[SourceTitle "EXT 2010"]
[Source "ChessBase"]
[SourceDate "2010.11.25"]
[SourceVersion "1"]
[SourceVersionDate "2010.11.25"]
[SourceQuality "1"]

1. e4 c5 2. Nf3 e6 3. d4 cxd4 4. Nxd4 a6 5. c4 Nf6 6. Nc3 Qc7 7. Be2 b6 8. 0-0 Bb7 9. f3 Nc6 10. Be3 Be7 11. Qd2 0-0 12. Rfd1 Rfd8 13. Rac1 Rac8 14. Bf1 d6 15. a3 Nd7 16. b4 Nce5 17. Na4 Qb8 18. h3 Rc7 19. Nb2 Rdc8 20. f4 Nc6 21. Nf3 Na7 22. Bd3 Qa8 23. Re1 b5 24. Bf2 Bf6 25. Nd4 Nc6 26. Nb3 Ne7 27. Na5 Bxb2 28. Qxb2 bxc4 29. Nxc4 d5 30. exd5 Bxd5 31. Ne3 Bb7 32. Rxc7 Rxc7 33. Bf1 Nf6 34. Nc4 Ned5 35. Qe5 Nd7 36. Qd4 N7f6 37. Na5 Bc8 38. Bh4 Bd7 39. Nb3 Bb5 40. Nc5 Bxf1 41. Rxf1 a5 42. f5 axb4 43. axb4 exf5 44. Rxf5 Re7 45. Rxd5 Nxd5 46. Bxe7 Nxe7 47. b5 Nf5 48. Qe5 g6 49. Ne4 Qa7+ 50. Kh2 Nh4 51. Nf6+ Kf8 52. Nxh7+ Kg8 53. Nf6+ Kf8 54. b6 Qa2 55. Qe4 Qf2 56. b7 1-0